<?xml version="1.0" encoding="UTF-8"?>
<record
    xmlns:xsi="http://www.w3.org/2001/XMLSchema-instance"
    xsi:schemaLocation="http://www.loc.gov/MARC21/slim http://www.loc.gov/standards/marcxml/schema/MARC21slim.xsd"
    xmlns="http://www.loc.gov/MARC21/slim">

  <leader>03604nam a2200349 a 4500</leader>
  <controlfield tag="003">OSt</controlfield>
  <controlfield tag="005">20250923115746.0</controlfield>
  <controlfield tag="007">cr ||||||a|a|a</controlfield>
  <controlfield tag="008">250822s2025    mx a|||fom||| 001 0 spa d</controlfield>
  <datafield tag="040" ind1=" " ind2=" ">
    <subfield code="e">rda</subfield>
  </datafield>
  <datafield tag="100" ind1="1" ind2=" ">
    <subfield code="a">Panzo Quiahua, Martina</subfield>
    <subfield code="9">190965</subfield>
  </datafield>
  <datafield tag="245" ind1="1" ind2="0">
    <subfield code="a">Etiolog&#xED;a de gomosis en durazno (Prunus persica L.) en el municipio de casas grandes, Chihuahua, M&#xE9;xico /</subfield>
    <subfield code="c">por Martina Panzo Quiahua; director de tesis Santos Gerardo Leyva Mir; secretario Isabel Nativitas Lima; vocal Moises Camacho Tapia; suplente Calixto Leopoldo Carrillo Fonseca; suplente Candelario Santillan Ortega.</subfield>
  </datafield>
  <datafield tag="264" ind1=" " ind2="1">
    <subfield code="a">Chapingo, M&#xE9;xico :</subfield>
    <subfield code="b">El autor,</subfield>
    <subfield code="c">2025.</subfield>
  </datafield>
  <datafield tag="300" ind1=" " ind2=" ">
    <subfield code="a">1 recurso en l&#xED;nea (47 p&#xE1;ginas):</subfield>
    <subfield code="b">cuadros, figuras.</subfield>
  </datafield>
  <datafield tag="336" ind1=" " ind2=" ">
    <subfield code="2">rdacontent</subfield>
    <subfield code="a">texto</subfield>
    <subfield code="b">txt</subfield>
  </datafield>
  <datafield tag="337" ind1=" " ind2=" ">
    <subfield code="2">rdamedia</subfield>
    <subfield code="a">computadora</subfield>
    <subfield code="b">c</subfield>
  </datafield>
  <datafield tag="338" ind1=" " ind2=" ">
    <subfield code="2">rdacarrier</subfield>
    <subfield code="a">recurso en l&#xED;nea</subfield>
    <subfield code="b">cr</subfield>
  </datafield>
  <datafield tag="502" ind1=" " ind2=" ">
    <subfield code="b">IAEPA</subfield>
    <subfield code="c">Parasitolog&#xED;a</subfield>
    <subfield code="d">2025.</subfield>
    <subfield code="g">LIC</subfield>
  </datafield>
  <datafield tag="504" ind1=" " ind2=" ">
    <subfield code="a">Incluye referencias bibliogr&#xE1;ficas:45-47 p&#xE1;ginas .</subfield>
  </datafield>
  <datafield tag="520" ind1=" " ind2=" ">
    <subfield code="a">La investigaci&#xF3;n se llev&#xF3; a cabo debido a la importancia que tiene el cultivo de durazno en M&#xE9;xico. El objetivo fue identificar el hongo causante de la gomosis en durazno, en huertos del municipio de Casas Grandes, Chihuahua, M&#xE9;xico. Las muestras recolectadas se analizaron en el Laboratorio de Micolog&#xED;a de la Universidad Aut&#xF3;noma Chapingo y se aislaron en medios de PDA para su identificaci&#xF3;n morfol&#xF3;gica y molecular, adem&#xE1;s se realizaron pruebas de patogenicidad en ramas j&#xF3;venes. Se obtuvieron dos cepas, de cada cepa se fotografiaron 100 conidios a 40x para la identificaci&#xF3;n morfol&#xF3;gica. Para la caracterizaci&#xF3;n molecular se amplific&#xF3; el ADN por medio de PCR y luego su secuenciaci&#xF3;n y el an&#xE1;lisis bioinform&#xE1;tico. En las pruebas de patogenicidad se observ&#xF3; la interacci&#xF3;n del pat&#xF3;geno con su hu&#xE9;sped; la cepa 1 provoc&#xF3; una necrosis marr&#xF3;n visible y da&#xF1;o evidente, mientras que la cepa 2 caus&#xF3; una necrosis marr&#xF3;n clara. En la identificaci&#xF3;n morfol&#xF3;gica, la primera, del g&#xE9;nero Curvularia, present&#xF3; colonias gris verduzcas con m&#xE1;rgenes blancos y conidios elipsoidales, de extremos redondos, paredes lisas y gruesas, con 2 o 3 septos y dimensiones entre 12.06&#x2013;30.14 x 6.68&#x2013;9.80 &#x3BC;m. La segunda cepa, correspondi&#xF3; al g&#xE9;nero Nothophoma, desarroll&#xF3; micelio a&#xE9;reo blanco en los m&#xE1;rgenes y un centro color olivo oscuro; sus conidios eran ovalados, lisos y aseptados, con medidas de 3.97-8.68 x 2.63-4.97 &#x3BC;m. Para la identificaci&#xF3;n molecular, se amplific&#xF3; el ADN por PCR y se secuenci&#xF3; la regi&#xF3;n 5.8S del RNA ribosomal (512 pb), mostrando una similitud del 99.8 % con Curvularia spicifera y 100 % de similitud con Nothophoma quercina, con la herramienta BLASTn del NCBI. Este estudio es el primer reporte de C. spicifera y N. quercina como agentes causales de la gomosis en durazno en M&#xE9;xico; sin reportes cient&#xED;ficos publicados previos en el pa&#xED;s sobre estos pat&#xF3;genos.</subfield>
  </datafield>
  <datafield tag="650" ind1=" " ind2="4">
    <subfield code="a">Curvularia spicifera</subfield>
    <subfield code="x">Identificaci&#xF3;n</subfield>
    <subfield code="9">191215</subfield>
  </datafield>
  <datafield tag="650" ind1=" " ind2="4">
    <subfield code="a">Nothophoma quercina</subfield>
    <subfield code="x">Identificaci&#xF3;n</subfield>
    <subfield code="9">191217</subfield>
  </datafield>
  <datafield tag="650" ind1=" " ind2="4">
    <subfield code="a">Hongos fitopat&#xF3;genos</subfield>
    <subfield code="x">Identificaci&#xF3;n</subfield>
    <subfield code="9">131720</subfield>
  </datafield>
  <datafield tag="650" ind1=" " ind2="4">
    <subfield code="a">Durazno</subfield>
    <subfield code="x">Enfermedades por hongos</subfield>
    <subfield code="9">34595</subfield>
  </datafield>
  <datafield tag="700" ind1="1" ind2=" ">
    <subfield code="a">Leyva Mir, Santos Gerardo</subfield>
    <subfield code="9">66581</subfield>
    <subfield code="e">director.</subfield>
  </datafield>
  <datafield tag="700" ind1="1" ind2=" ">
    <subfield code="a">Nativitas Lima, Isabel</subfield>
    <subfield code="9">129577</subfield>
    <subfield code="e">secretario.</subfield>
  </datafield>
  <datafield tag="700" ind1="1" ind2=" ">
    <subfield code="a">Camacho Tapia, Moises</subfield>
    <subfield code="9">17710</subfield>
    <subfield code="e">vocal.</subfield>
  </datafield>
  <datafield tag="700" ind1="1" ind2=" ">
    <subfield code="a">Carrillo Fonseca, Calixto Leopoldo</subfield>
    <subfield code="9">19482</subfield>
    <subfield code="e">suplente.</subfield>
  </datafield>
  <datafield tag="700" ind1="0" ind2=" ">
    <subfield code="a">Santill&#xE1;n Ortega, Candelario</subfield>
    <subfield code="9">102429</subfield>
    <subfield code="e">suplente.</subfield>
  </datafield>
  <datafield tag="856" ind1=" " ind2=" ">
    <subfield code="u">http://10.13.5.2/tesis/tl/1711971-8_PANZO_QUIAHUA_MARTINA.pdf</subfield>
    <subfield code="z">DESCARGAR PDF</subfield>
  </datafield>
  <datafield tag="942" ind1=" " ind2=" ">
    <subfield code="2">Clasificaci&#xF3;n Universidad Aut&#xF3;noma Chapingo</subfield>
    <subfield code="c">TD</subfield>
  </datafield>
  <datafield tag="999" ind1=" " ind2=" ">
    <subfield code="c">220845</subfield>
    <subfield code="d">220845</subfield>
  </datafield>
  <datafield tag="952" ind1=" " ind2=" ">
    <subfield code="0">0</subfield>
    <subfield code="1">0</subfield>
    <subfield code="2">local</subfield>
    <subfield code="4">0</subfield>
    <subfield code="5">1</subfield>
    <subfield code="7">0</subfield>
    <subfield code="8">TesDigL</subfield>
    <subfield code="a">BD</subfield>
    <subfield code="b">BD</subfield>
    <subfield code="c">E_L</subfield>
    <subfield code="d">2025-08-22</subfield>
    <subfield code="l">0</subfield>
    <subfield code="o">Tesis digita</subfield>
    <subfield code="r">2025-08-22 14:14:57</subfield>
    <subfield code="w">2025-08-22</subfield>
    <subfield code="y">TD</subfield>
  </datafield>
</record>
